A map to the next world : poetry and tales /

Bibliographic Details
Main Author: Harjo, Joy
Format: Book
Language:English
Published: New York : W.W. Norton & Co., 2001

MARC

Tag First Indicator Second Indicator Subfields
LEADER 00000cam a2200000Ia 4500
001 in00002481421
005 20151110121158.0
008 010503t20012000nyu 000 0 eng d
010 |a  99041099  
020 |a 0393320960 
020 |a 9780393320961 
035 |a (OCoLC)ocm46867450 
040 |a JST  |c JST  |d ORU  |d TXA  |d UtOrBLW 
049 |a TXAM 
082 0 |a 811.54 
090 |a PS3558.A62423  |b M36 2001 
100 1 |a Harjo, Joy. 
245 1 2 |a A map to the next world :  |b poetry and tales /  |c Joy Harjo. 
264 1 |a New York :  |b W.W. Norton & Co.,  |c 2001 
264 4 |c ©2000 
300 |a 137 pages ;  |c 21 cm. 
336 |a text  |b txt  |2 rdacontent 
337 |a unmediated  |b n  |2 rdamedia 
338 |a volume  |b nc  |2 rdacarrier 
505 0 0 |g Pt. 1.  |t Songline of dawn --  |g pt. 2.  |t Returning from the enemy --  |g pt. 3.  |t This is my heart; it is a good heart --  |g pt. 4.  |t The beautiful perfume and stink of the world. 
948 |a cataloged  |b h  |c 2009/6/5  |d c  |e dmitchel  |f 2:10:20 pm 
994 |a C0  |b TXA 
999 |a MARS 
999 f f |s 617e163f-23bc-35be-b631-727a2d3855b5  |i 4ecabef6-442d-33c0-90cf-3d5bba3958fd  |t 0 
952 f f |p normal  |a Texas A&M University  |b College Station  |c Sterling C. Evans Library  |d Evans: Library Stacks  |t 0  |e PS3558.A62423 M36 2001  |h Library of Congress classification  |i unmediated -- volume  |m A14837611106 
998 f f |a PS3558.A62423 M36 2001  |t 0  |l Evans: Library Stacks